Manggar-manggar kemerdekaan : antologi puisi sempena 50 tahun kemerdekaan

Bibliographic Details
Other Authors: Shapiai Muhammad Ramly , 1950 (Editor), Zam Ismail , 1943- (Editor)
Format: Book
Published: Johor Bahru : Yayasan Warisan Johor 2007
Subjects:

MARC

LEADER 00000cam a2200000 7i4500
001 0000095296
005 20250610124405.0
020 |a 9789832440260 (  |q hardback) 
040 |e rda 
041 |a Malay 
090 0 0 |a 899.231   |b MAN 
245 0 0 |a Manggar-manggar kemerdekaan :   |b antologi puisi sempena 50 tahun kemerdekaan 
246 0 |a Antologi puisi sempena lima puluh tahun kemerdekaan 
264 1 |a Johor Bahru :   |b Yayasan Warisan Johor   |c 2007 
300 |a xxiv, 279 pages ;   |c 21 cm. 
336 |a text  |2 rdacontent 
337 |a unmediated  |2 rdamedia 
338 |a volume  |2 rdacarrier 
541 |c Donation book   |f DO Mersing 
650 1 0 |a Independence Day (Malaysia)   |v Poetry 
650 2 0 |a Malay poetry 
700 0 |a Shapiai Muhammad Ramly ,   |d 1950 ,   |e (editor) 
700 0 |a Zam Ismail ,   |d 1943- ,   |e (editor) 
999 |a 0001816139   |b Book   |c Adult Collection   |e Perbadanan Perpustakaan Awam Johor